| 000 | 01509nam a2200457 i 4500 | ||
|---|---|---|---|
| 001 | 52436 | ||
| 003 | KOSZ 005 | ||
| 005 | 20220602122655.0 | ||
| 008 | 020709s2002 pl a |000 0 pol | ||
| 015 | _aUWD 2002/11514 | ||
| 020 | _a8320814065 | ||
| 035 | _a991018548669705066 | ||
| 035 | _a(PL-WaBN)b15028069-48omnis_nlop | ||
| 035 | _ab15028069 | ||
| 035 | _a(OCoLC)830318827 | ||
| 035 | _azz2002930226 | ||
| 035 | _a(PL)b0000001502806 | ||
| 035 | _a(EXLNZ-48OMNIS_NETWORK)9910147649205606 | ||
| 040 |
_aWA N _cWA N _dKOSZ 005/HR |
||
| 046 | _k2002 | ||
| 080 | _a338.22(438)"1989/...": | ||
| 080 | _a339.923(4-67)"1989/..." | ||
| 100 | 1 |
_aNowak, Alojzy Zbigniew _d(1956- ) _eAutor |
|
| 245 | 1 | 0 |
_aIntegracja europejska : _bszansa dla Polski? / _cAlojzy Z. Nowak. |
| 260 |
_aWarszawa : _bPolskie Wydawnictwo Ekonomiczne, _c2002. |
||
| 300 |
_a221, [3] s. : _bil. ; _c21 cm. |
||
| 336 |
_aTekst _btxt _2rdacontent |
||
| 337 |
_aBez urządzenia pośredniczącego _bn _2rdamedia |
||
| 338 |
_aWolumin _bnc _2rdacarrier |
||
| 380 | _aKsiążki | ||
| 388 | _a2001- | ||
| 504 | _aBibliogr. | ||
| 610 | 2 | 7 |
_aUnia Europejska (UE) _2DBN |
| 650 | 7 | _aIntegracja europejska | |
| 651 | 7 |
_aPolska _2DBN |
|
| 658 | _aGospodarka, ekonomia, finanse | ||
| 710 | 2 |
_aPolskie Wydawnictwo Ekonomiczne _4pbl |
|
| 856 |
_uhttp://koha.tu.koszalin.pl/cgi-bin/koha/opac-detail.pl?biblionumber=52436 _yKatalog online BPK |
||
| 942 |
_2UKD _cKS |
||
| 999 |
_c52436 _d52436 |
||